Gaz nobles - Statistiques

Statistiques générales
  • Ce quiz a été pris 19 411 fois
  • Le résultat moyen est 4 sur 6
Statistiques - réponses
Z Symbole Élément % Correct
2 He Hélium
90%
10 Ne Néon
76%
18 Ar Argon
69%
54 Xe Xénon
61%
36 Kr Krypton
49%
86 Rn Radon
43%
Aucun quiz correspondant
Distribution des résultats
% des personnes avec chaque résultat
Percentile par nombre de réponses
Votre historique - résultats
Vous n’avez pas pris ce quiz